Normal view
MARC view
Entry Meeting Name
001 - CONTROL NUMBER
- control field: 33924
003 - CONTROL NUMBER IDENTIFIER
- control field: ARRUPE
005 - DATE AND TIME OF LATEST TRANSACTION
- control field: 20170731100845.0
008 - FIXED-LENGTH DATA ELEMENTS
- fixed length control field: 170731|| aca||aabn | a|a d
040 ## - CATALOGING SOURCE
- Original cataloging agency: ARRUPE
- Transcribing agency: ARRUPE
111 ## - HEADING--MEETING NAME
- Meeting name or jurisdiction name as entry element: International Congress of Universal Christian Humanism
- Date of meeting: (1958 :
- Location of meeting: Brussels)
670 ## - SOURCE DATA FOUND
- Source citation: Work cat.: (ARRUPE)1301: International Congress of Universal Christian Humanism (1958 : Brussels), The soul of the nations,, [1960]